Il ruolo della buona fede oggettiva nell'esperienza giuridica storica e contemporanea: atti del convengno internazionale di studi in onore di Alberto Burdese
Furkejuvvon:
| Váldodahkki: | |
|---|---|
| Materiálatiipa: | Girji |
| Giella: | espánnjágiella |
| Almmustuhtton: |
Padua
Cedam
2003
|
| Fáttát: | |
| Fáddágilkorat: |
Lasit fáddágilkoriid
Eai fáddágilkorat, Lasit vuosttaš fáddágilkora!
|
MARC
| LEADER | 00000nam a2200000 a 4500 | ||
|---|---|---|---|
| 001 | UCL4067 | ||
| 003 | CL-VaPUC | ||
| 005 | 20220610083413.0 | ||
| 008 | 031219e20030000it 1 spa d | ||
| 020 | |a 8813243537 | ||
| 082 | 0 | 4 | |a 346.02 |b GAR |2 21 |
| 100 | |a Garofalo, Luigi |e autor |9 620502 | ||
| 245 | 1 | 3 | |a Il ruolo della buona fede oggettiva nell'esperienza giuridica storica e contemporanea: atti del convengno internazionale di studi in onore di Alberto Burdese |
| 260 | |a Padua |b Cedam |c 2003 | ||
| 300 | |a v | ||
| 583 | |a last modification |c 20190822 03:56:02 |k Rodrigo Vera | ||
| 650 | 0 | 0 | |a Buena fe |9 383961 |
| 650 | 0 | 0 | |a Contratos |9 255153 |
| 650 | 0 | 0 | |a Obligaciones |9 255578 |
| 942 | |c BK | ||
| 945 | |a cmena |d 20031219 00:00:00 | ||
| 546 | |a En Español | ||
| 536 | |a Università de Padova | ||
| 536 | |a Scuola Grande di San Rocco | ||
| 518 | |p Convegno Internazionale di Studi in Onore di Alberto Burdese, 1, Padova, 14-16 giugno 2001 | ||
| 999 | |c 383964 |d 383962 | ||
| 952 | |0 0 |1 0 |4 0 |6 346_020000000000000_GAR_2003 |7 0 |8 DER_ROM |9 506304 |a BIBDER |b BIBDER |d 2020-01-23 |h v.1 |i 3963829 |l 1 |o 346.02 GAR 2003 |p 3963829 |r 2023-04-20 |s 2023-04-20 |w 2020-01-23 |x Ubicación 4to piso |y BK |z Este recurso debe solicitarse con anticipación |k DER | ||